000 00389nam a2200157Ia 4500
003 GCL
008 140319s9999 xx 000 0 eng d
040 _aGCL /
_cGCL
082 0 4 _a320.5
_bE P
100 1 _aECCLESHALL, ROBERT
245 1 0 _aPOLITICAL IDEOLOGIES /
_cECCLESHALL, ROBERT
260 _a[S.N] :
_bROUTLEDGE ،
_c1994
300 _a301
650 0 4 _aIDEOLOGY
942 _2ddc
_cBK
999 _c10837
_d10837